| 000 | 00506nam a2200193 a 4500 | ||
|---|---|---|---|
| 003 | OSt | ||
| 005 | 20140310183628.0 | ||
| 008 | 070125s19uu xx 00 eng d | ||
| 020 | _a9710821695 | ||
| 050 |
_aLB 1051 _b.L965 2004 |
||
| 100 | _aLupdag, Anselmo D. | ||
| 245 |
_aEducational Psychology / _cAnselmo D. Lupdag |
||
| 260 |
_aManila : _bNational Book Store, _c2004. |
||
| 300 |
_a264 p. : _c19 cm. |
||
| 650 | _aEducational Psychology. | ||
| 942 |
_cBK _2lcc |
||
| 999 |
_c25552 _d25552 |
||